01171nam a2200181Ia 4500003000500000005001700005008004100022020002300063040001400086041000600100082002000106100002100126245019600147260006300343300006300406504005100469650046900520322820250822095631.0220714s9999 xx 000 0 und d a9781770098855qpbk ardac3228 2E a322.420968 GERH aGerhart, Gail M. 0aFrom protest to challenge:ba documentary history of African politics in South Africa, 1882-1990. Volume 6, Challenge and victory, 1980-1990/ cwritten by Gail M. Gerhart and Clive L. Glaser. aSunnyside, South Africa:bJacana Media (Pty) Ltd;c©2013. aXviii, 780 pages:billustrations, maps, portraits;c24 cm. aIncludes bibliographical references and index. 0a African National Congress—History; Government, Resistance to—South Africa; Civil rights movements—South Africa—History; Anti-apartheid movements—South Africa—History; Black people—Civil rights—South Africa—History; National liberation movements—South Africa; Black people—South Africa—Politics and government; Indigenous peoples—South Africa—Politics and government; South Africa—History—SourcezAuckland Park, South Africa